000 00443nam a2200181Ia 4500
001 2222
005 20260306143826.0
008 260306t2014||||xx |||||||||||||| ||spa||
041 _aESP
082 _a616.132
_bP45
100 _aPérez-García, Ana M.ª
_eAUT
245 0 _aAspectos psicológicos de la hipertensión
260 _c2014
300 _a200 páginas :
_c21 cm.
650 _aGEN
654 _aCPS
942 _cLIB
_dJUS
_fJUS
_2ddc
_n
999 _c2222
_d2222